000 00538nam a22001937a 4500
003 KOHA_MİRAKIL
005 20250417182624.0
008 250417b tu ||||| |||| 00| 0 tur d
020 _a9786257737289
040 _aTR-AnABB
_btur
_cTR-AnABB
041 _atur
082 _a843.914
_bNİN 2020
100 1 _aNin, Anas̐,
245 1 0 _aMinotor'u kışkırtmak /
_cAnas̐ Nin
260 _aİstanbul :
_bİthaki Yayınları,
_c2020
300 _a165 sayfa ;
_c21 cm
650 0 4 _aAmerikan edebiyatı, roman
942 _2ddc
_cBK
999 _c8791
_d8791
900 _bGizem YORULMAZ